000 00649nam a2200241Ia 4500
003 OSt
005 20220928111330.0
006 a|||||r|||| 00| 0
007 ta
008 220927b |||||||| |||| 00| 0 eng d
024 _a33794
037 _cTextual
040 _aSDCL
_cSDCL
_beng
041 _2eng
_aeng
082 _aQ233, N2
100 _aMishra Vidyanivas
245 0 _aTrikdarshanam.
260 _aVaranasi
_bSampurananand Sanskrit University
_c1992
300 _a73p.
_ccm.
490 _aAcharya Badrinathshuklasmriti-granthmala. 2
942 _hQ233, N2
_cTEXL
_2CC
999 _c739753
_d739753